Netherlands' 10 biggest cities by population - Statistics

General Stats
  • This quiz has been taken 35 times
  • The average score is 7 of 10
Answers on the Map
Answers color-coded by a green-red scale on the quiz's map according to % correct below.
 
Answer Stats
Answer % Correct
Amsterdam
100%
Rotterdam
100%
The Hague
93%
Utrecht
86%
Groningen
72%
Eindhoven
66%
Almere
59%
Breda
55%
Tilburg
55%
Nijmegen
48%
No matching quizzes found
Score Distribution
Percent of People with Each Score
Percentile by Number Answered
Your Score History
You have not taken this quiz